Bol naozaj gej? "Vo Véčku boli baby naňho vždy nalepené," hovorí o najslávnejšom slovenskom krasokorčuliarovi Ondrejovi Nepelovi jeho kmotor

Bibliographic Details
Main Author: Bustin, Karol (Author)
Format: Article
Language:Slovak
PhysicalDescription:Fotogr.
ISSN:1210-2040
Subjects:
Online Access:http://www.pluska.sk/plus-7-dni/ludia/krasokorculiarska-legenda-ondrej-nepela-bol-naozaj-homosexual.html

MARC

LEADER 00000nab a2200000 a 4500
001 vtls010676987
003 SK-MaSNL
005 20260303090105.0
008 150504c2015 xo wrzp 0 0slo
015 |a SNBRB2015/05  |2 rvgkpd 
038 |a RVGKPD 
040 |a RVGKPD  |b slo  |c RVGKPD  |e AACR2 
041 0 |a slo 
044 |a xo  |c SK 
080 |a 796.912.077.2  |2 2008 
080 |a 929 Nepela, Ondrej  |2 2008 
100 1 |a Bustin, Karol  |4 aut  |9 909583 
245 1 0 |a Bol naozaj gej?  |b "Vo Véčku boli baby naňho vždy nalepené," hovorí o najslávnejšom slovenskom krasokorčuliarovi Ondrejovi Nepelovi jeho kmotor  |c Karol Bustin 
246 3 |a Krasokorčuliarska legenda Ondrej Nepela [elektronický zdroj] 
300 |b Fotogr. 
600 1 7 |a Nepela, Ondrej,  |d 1951-1989  |2 rvgkpd  |9 214975 
650 0 7 |a krasokorčuliari  |2 rvgkpd  |9 29866 
773 0 |t Plus 7 dní  |g Roč. XXV, č. 15 (2015), s. [114-116]  |x 1210-2040 
852 |a RVGKPD  |b KIS3G 
856 4 1 |u http://www.pluska.sk/plus-7-dni/ludia/krasokorculiarska-legenda-ondrej-nepela-bol-naozaj-homosexual.html 
958 |a BX 
958 |a SK 
992 |a RBX 
999 |c 1801821  |d 1803751